000
00221nam a22000857a 4500
008
170616b xxu||||| |||| 00| 0 eng d
100
_9
3425
_a
Sally. V. K
245
_a
Science lab manual - IX
260
_a
New Delhi
_b
G. B. P
_c
2010
999
_c
6794
_d
6794